| 000 | 00346nam a22001337a 4500 | ||
|---|---|---|---|
| 020 | _a0596003943 | ||
| 082 |
_222 _a005.133 |
||
| 100 | _aViega, John and Messier, Matt. | ||
| 245 | _aSecure programming cook book for C and C++ / | ||
| 250 | _a1st. | ||
| 260 |
_aUSA, _bO'Reilly, _cc2003. |
||
| 300 |
_axxv, 762p. ; _bill. ; _c23 cm. |
||
| 942 |
_2ddc _cIT |
||
| 999 |
_c1818 _d1818 |
||